Ottawa Law Review

Detalles Bibliográficos
Formato: eBook
Lenguaje:inglés
Publicado: Ottawa: Faculty of the Common Law Section, University of Ottawa, 2007 -
Materias:
Acceso en línea:Acceso restringido

MARC

LEADER 00000nam a22000007a 4500
005 20190926223844.0
007 cr|||| ||||
008 190926c20079999ca fr|w s|||| 0|||b1eng d
022 |a 0048-2331 
035 |a 6876 
040 |a vLex 
090 |c 9648  |d 9648 
245 0 0 |a Ottawa Law Review  |h [Recurso electrn̤ico] / 
256 |a Servicio en ln̕ea 
260 |a Ottawa:  |b Faculty of the Common Law Section, University of Ottawa,  |c 2007 - 
300 |a 1 recurso electrn̤ico 
310 |a Semestral 
506 1 |a Disponible solo en los productos indicados  |d vLex Global  |d vLex Global (Academic Edition, excluding Law Schools)  |d vLex Global (U.S. Academic Edition, Law Schools)  |d vLex Global (U.S. Academic Edition, excluding Law Schools)  |d vLex Global (Academic Edition, Law Schools) 
650 0 4 |a Derecho Civil  |z Canad̀ 
650 0 4 |a Derecho Pb︢lico y Administrativo  |z Canad̀ 
650 0 4 |a Derecho Mercantil y de la Empresa  |z Canad̀ 
740 0 |a vLex Revistas (Servicio en ln̕ea) 
856 4 0 |u http://vlex.com/source/ottawa-law-review-6876  |z Acceso restringido 
942 |c REV 
999 0 |a Civil Law 
999 0 |a Public and Administrative Law 
999 0 |a Commercial and Business Law